000 00197nam a2200085Ia 4500
008 120527s9999 xx 000 0 und d
100 _aHones & Hunt
245 _aInvitation to Philosophy
942 _cBK
999 _c27757
_d27757